Not just race,not just gender,black feminist readings
Guardat en:
| Autor principal: | |
|---|---|
| Format: | Llibre |
| Idioma: | anglès |
| Publicat: |
Routledge.
1998
|
| Etiquetes: |
Afegir etiqueta
Sense etiquetes, Sigues el primer a etiquetar aquest registre!
|
MARC
| LEADER | 00000nam a22000007a 4500 | ||
|---|---|---|---|
| 008 | 211103b ||||| |||| 00| 0 eng d | ||
| 020 | |a 0415903254 | ||
| 100 | |a Smith, Valerie, 1056. | ||
| 245 | |a Not just race,not just gender,black feminist readings |c Valerie Smith |g xxiii, 166 p. | ||
| 260 | |b Routledge. |c 1998 |d Book. |h New York. |i 310434. |l PN1995.9.N4Sm6 |m African American women in motion picture |m African American women in motion picture |m African American women--Social conditions. |m African Americans--Social conditions. |m African American women in literature |m African Americans in literature. | ||
| 500 | |a Includes bibliographical references (p. 139-159) and index | ||
| 942 | |a lcc |c BK |e Olagoke,M.A. |f 03/11/2021. | ||
| 952 | |0 0 |1 0 |2 lcc |4 0 |7 0 |9 3827 |a HOL |b HOL |c LP |d 2021-11-03 |o PN1995.9.N4Sm6 |p 2021-67557 |r 2021-11-03 00:00:00 |t 310434 |w 2021-11-03 |y BK | ||
| 999 | |c 1914 |d 1914 | ||